| 000 | 00758nam a22001817a 4500 | ||
|---|---|---|---|
| 005 | 20120314095934.0 | ||
| 020 |
_c275.00 _a |
||
| 035 | _aB-25794 | ||
| 037 |
_b _adpl |
||
| 082 | _a302.23 | ||
| 100 |
_aपचौरी, सुधीश _943767 |
||
| 245 | 1 |
_aसाइबर-स्पेस और मीडिया / _cसुधीश पचौरी |
|
| 260 |
_aनई दिल्ली _bप्रवीण प्रकाशन _c2000 |
||
| 270 |
_a _b _e _k |
||
| 300 |
_a272पृ. _c22सेमी (सजिल्द) |
||
| 942 |
_adpl _cHN _k _2ddc _h302.23 _mपचौरी |
||
| 999 |
_c64032 _d64032 |
||